[Event "POLFINAL MISTRZOSTW POLSKI JUNIOROW 2019 - D13"]
[Site "Ustron"]
[Date "1899-12-30"]
[Round "3.3"]
[White "Nowak, Zuzanna"]
[Black "Egeman, Emilia"]
[Result "0-1"]
[WhiteTitle "I"]
[BlackTitle "II+"]
[WhiteElo "1180"]
[BlackElo "1177"]

1. e4 c5 2. c3 d5 3. exd5 Qxd5 4. d4 e6 5. Nf3 Nf6 6. Bd3 Nc6 7. O-O Be7 8. Re1
cxd4 9. cxd4 O-O 10. Nc3 Qd8 11. Bg5 Nb4 12. Bb1 Nfd5 13. Bxe7 Nxe7 14. a3 Nbd5
15. Qd3 Ng6 16. Ne2 Nf6 17. Ng3 b6 18. Qe3 Bb7 19. Ne5 Re8 20. Nxg6 hxg6 21. Bd3
Qd7 22. Red1 Rac8 23. Qe2 Red8 24. Nf1 Qd5 25. Ne3 Qg5 26. Bb5 Nd5 27. Qg4 Qxg4
28. Nxg4 Rc2 29. Rab1 a6 30. Bd3 Rc7 31. f3 Nf4 32. Bf1 Rcd7 33. Ne5 Rxd4 34.
Re1 b5 35. g3 Nd5 36. Rbc1 Rd2 37. Nd3 Nf6 38. Red1 Rxd1 39. Rxd1 Bxf3 40. Rc1
Nd5 41. Kf2 Bh5 42. Ne5 f6 43. Nd3 g5 44. Rc6 e5 45. Rxa6 e4 46. Ne1 e3+ 47. Kg1
e2 48. Bg2 Ne3 49. Bf3 Bxf3 50. Nxf3 Nc2 51. Kf2 Re8 52. Ne1 Nxe1 53. Kxe1 f5
54. Rd6 f4 55. gxf4 gxf4 56. Rd3 g5 57. Rf3 Re4 58. h3 Kg7 59. b3 Kf6 60. Rc3
Re5 61. Rc2 f3 62. Rc1 Kf5 63. Kf2 Kf4 64. a4 Rd5 65. Re1 bxa4 66. bxa4 Rd1 67.
a5 Rxe1 68. Kxe1 Ke3 69. a6 f2# 0-1

[Event "POLFINAL MISTRZOSTW POLSKI JUNIOROW 2019 - D13"]
[Site "Ustron"]
[Date "1899-12-30"]
[Round "3.4"]
[White "Pastuszko, Katarzyna"]
[Black "Baran, Dagmara"]
[Result "1-0"]
[WhiteTitle "I"]
[BlackTitle "I"]
[WhiteElo "1235"]
[BlackElo "1259"]

1. e4 e6 2. d4 d5 3. Nc3 Bb4 4. e5 c5 5. a3 Bxc3+ 6. bxc3 Ne7 7. Qg4 Ng6 8. Bd3
O-O 9. Nf3 c4 10. Bxg6 fxg6 11. h4 Rf5 12. h5 gxh5 13. Rxh5 Rxh5 14. Qxh5 Qe7
15. Ng5 h6 16. Nh3 Qf7 17. Qg4 Kh7 18. Qh4 Kg8 19. g4 Qf3 20. Be3 Qh1+ 21. Kd2
Qxa1 22. Qd8+ Kf7 23. g5 Nc6 24. Qc7+ Ke8 25. Qxg7 hxg5 26. Nxg5 Qxa3 27. Qf7+
Kd8 28. Nxe6+ Bxe6 29. Bg5+ Ne7 30. Qxe6 Ke8 31. f4 a5 32. Qf6 Nc6 33. e6 Qe7
34. Qh8+ Qf8 35. Qh5+ 1-0

[Event "POLFINAL MISTRZOSTW POLSKI JUNIOROW 2019 - D13"]
[Site "Ustron"]
[Date "1899-12-30"]
[Round "3.5"]
[White "Dallemura, Anna"]
[Black "Para, Aleksandra"]
[Result "1-0"]
[WhiteTitle "I"]
[BlackTitle "II+"]
[WhiteElo "1328"]
[BlackElo "1186"]

1. e4 c5 2. Nf3 d6 3. d4 cxd4 4. Nxd4 Nf6 5. Nc3 a6 6. Be2 e5 7. Nb3 Be6 8. Bg5
Be7 9. Bxf6 Bxf6 10. Qd3 Be7 11. O-O-O b5 12. Nd5 Bxd5 13. Qxd5 Nd7 14. Bg4 O-O
15. Bxd7 Qxd7 16. Qxe5 Qc7 17. Qd4 Rac8 18. Qd3 Rfd8 19. Kb1 Qb6 20. Rhf1 a5 21.
Rd2 b4 22. Nd4 Bf8 23. Qb5 Qc7 24. Rfd1 Qc5 25. Qxc5 Rxc5 26. Nf5 Rc6 27. e5 g6
28. Nxd6 Rc5 29. f4 Rc7 30. g3 Rcd7 31. Nc4 Rxd2 32. Rxd2 Rxd2 33. Nxd2 Bc5 34.
c3 bxc3 35. bxc3 Kf8 36. a4 Ke7 37. Kc2 h5 38. Kd3 Bg1 39. Nf3 Bb6 40. Nd4 Kd7
41. Kc4 Kc7 42. Kb5 Kb7 43. h3 Kc7 44. g4 hxg4 45. hxg4 Kb7 46. f5 gxf5 47. gxf5
Bc7 48. e6 fxe6 49. fxe6 Bd8 50. Nc6 Bf6 51. e7 Bxe7 52. Nxe7 Ka7 53. Kxa5 Kb7
54. Kb5 Ka7 55. a5 Kb7 56. c4 Ka7 57. c5 Kb7 58. c6+ Kc7 59. Nd5+ Kb8 60. c7+
Kb7 61. a6+ Ka7 62. Kc6 Kxa6 63. c8=Q+ Ka5 64. Qa8# 1-0

[Event "POLFINAL MISTRZOSTW POLSKI JUNIOROW 2019 - D13"]
[Site "Ustron"]
[Date "1899-12-30"]
[Round "3.6"]
[White "Labedz, Gabriela"]
[Black "Sidlo, Malgorzata"]
[Result "1/2-1/2"]
[WhiteTitle "I"]
[BlackTitle "II+"]
[WhiteElo "1226"]
[BlackElo "1118"]

1. e4 e5 2. Nf3 Nf6 3. Nc3 Nc6 4. Bb5 Bb4 5. Bxc6 bxc6 6. d3 d5 7. Bd2 Bg4 8. h3
Bh5 9. g4 Bg6 10. Nxe5 Qd6 11. Nxg6 fxg6 12. Qe2 O-O 13. O-O Rae8 14. f3 d4 15.
Nd1 Qg3+ 16. Kh1 Qxh3+ 17. Kg1 Qg3+ 18. Kh1 Qh3+ 19. Kg1 Qg3+ 20. Kh1 Qh3+ 1/2-1/2

[Event "POLFINAL MISTRZOSTW POLSKI JUNIOROW 2019 - D13"]
[Site "Ustron"]
[Date "1899-12-30"]
[Round "3.7"]
[White "Kokot, Agnieszka"]
[Black "Pietrzak, Emilia"]
[Result "1/2-1/2"]
[WhiteTitle "II+"]
[BlackTitle "I"]
[WhiteElo "1177"]
[BlackElo "1224"]

1. d4 d5 2. Nf3 Nf6 3. e3 Bf5 4. c4 c6 5. Qb3 Qc7 6. Nc3 e6 7. cxd5 exd5 8. Be2
Bd6 9. O-O O-O 10. Bd2 Nbd7 11. Rac1 Qb6 12. Qxb6 axb6 13. a3 h6 14. Rfd1 Rfe8
15. Ne1 Nf8 16. Bd3 Bg6 17. f3 Re7 18. Bxg6 Nxg6 19. Nd3 Bc7 20. Re1 Rae8 21.
Nf2 Rd7 22. Rcd1 Nf8 23. Bc1 Ne6 24. e4 dxe4 25. Ncxe4 Nxe4 26. Nxe4 Red8 27.
Be3 Nxd4 28. Bxd4 Rxd4 29. Rxd4 Rxd4 30. Re2 Kf8 31. Kf2 c5 32. Nc3 Bf4 33. g3
Bg5 34. f4 Bf6 35. Nb5 Rd7 36. Kf3 g6 37. b3 Rd3+ 38. Re3 1/2-1/2

[Event "POLFINAL MISTRZOSTW POLSKI JUNIOROW 2019 - D13"]
[Site "Ustron"]
[Date "1899-12-30"]
[Round "3.9"]
[White "Pieczewska, Jadwiga"]
[Black "Walendykiewicz, Martyna"]
[Result "1/2-1/2"]
[WhiteTitle "II"]
[BlackTitle "I"]
[WhiteElo "1073"]
[BlackElo "1223"]

1. c4 c5 2. g3 g6 3. Bg2 Bg7 4. Nf3 Nf6 5. O-O d6 6. Nc3 Nc6 7. b3 O-O 8. Bb2 a6
9. d4 cxd4 10. Nxd4 Nxd4 11. Qxd4 Nd7 12. Qd2 Qa5 13. Rfd1 Qh5 14. Nd5 e6 15.
Bxg7 Kxg7 16. Nc3 Qe5 17. Rac1 Nf6 18. Qxd6 Qxd6 19. Rxd6 Rb8 20. Rcd1 Re8 21.
Rd8 Kf8 22. Rxe8+ Kxe8 23. Na4 Nd7 24. e4 b5 25. Nb2 Bb7 26. Rc1 Rc8 27. Nd3 Nc5
28. Nxc5 Rxc5 29. f3 Ke7 30. Kf2 Kd6 31. Rd1+ Kc7 32. Rc1 Kb6 33. a3 Rc8 34. Bf1
Rc7 35. b4 Ba8 36. c5+ Kc6 37. Rd1 Rd7 38. Rxd7 Kxd7 39. Ke3 f6 40. f4 Bb7 41.
g4 Kc7 42. Bd3 Bc8 43. h3 Bd7 44. Kd4 Bc6 45. h4 Kd7 1/2-1/2

[Event "POLFINAL MISTRZOSTW POLSKI JUNIOROW 2019 - D13"]
[Site "Ustron"]
[Date "1899-12-30"]
[Round "3.10"]
[White "Sobieraj, Wiktoria"]
[Black "Wiszniewska, Gabriela"]
[Result "1-0"]
[WhiteTitle "I"]
[BlackTitle "I"]
[WhiteElo "1194"]
[BlackElo "1061"]

1. e4 e5 2. Nf3 Nc6 3. Nc3 Nf6 4. d4 exd4 5. Nxd4 Bb4 6. Nxc6 bxc6 7. Bd3 d5 8.
exd5 cxd5 9. O-O c6 10. Bg5 O-O 11. h3 Qd6 12. Ne2 Qe5 13. Bxf6 Qxf6 14. c3 Bd6
15. Qd2 Qe5 16. f4 Qh5 17. Ng3 Bc5+ 18. Kh2 Qh4 19. Rae1 Bd6 20. Rf3 g5 21. fxg5
Bg4 22. Rf4 Bxf4 23. Qxf4 f5 24. Re6 h5 25. gxh6 Kh7 26. Qc7+ Kh8 27. Qg7# 1-0

[Event "POLFINAL MISTRZOSTW POLSKI JUNIOROW 2019 - D13"]
[Site "Ustron"]
[Date "1899-12-30"]
[Round "3.11"]
[White "Rojek, Paulina"]
[Black "Lajdamik, Anna"]
[Result "1/2-1/2"]
[WhiteTitle "I"]
[BlackTitle "I"]
[WhiteElo "1092"]
[BlackElo "1356"]

1. e4 c6 2. d4 d5 3. exd5 cxd5 4. c4 Nf6 5. Nc3 g6 6. Nf3 Bg7 7. Be2 O-O 8. h3
Nc6 9. O-O Bf5 10. a3 Na5 11. c5 Nc6 12. b4 Ne4 13. Bb2 a6 14. Re1 Nf6 15. Bd3
Bxd3 16. Qxd3 Re8 17. Rad1 b6 18. Ne5 Qc7 19. Nxc6 Qxc6 20. b5 axb5 21. Qxb5 Qxb5
22. Nxb5 Reb8 23. Ra1 bxc5 24. a4 Ne4 25. Nc7 Ra7 26. Nxd5 Nxf2 27. Nxe7+ Kf8
28. Nc6 Rxb2 29. Nxa7 Nd3 30. dxc5 Nxe1 31. Rxe1 Bd4+ 32. Kh1 Bxc5 33. Ra1 Bxa7
34. a5 f5 35. a6 h5 36. Ra5 h4 37. Ra1 Rb6 38. Kh2 Kf7 39. Kh1 Kf6 40. Kh2 g5
41. Kh1 Kg6 42. Kh2 g4 43. hxg4 fxg4 44. Kh1 g3 45. Rf1 Rxa6 46. Rf6+ Rxf6 1/2-1/2

[Event "POLFINAL MISTRZOSTW POLSKI JUNIOROW 2019 - D13"]
[Site "Ustron"]
[Date "1899-12-30"]
[Round "4.1"]
[White "Bialek, Alicja"]
[Black "Oborska, Magda"]
[Result "0-1"]
[WhiteTitle "I"]
[BlackTitle "I+"]
[WhiteElo "1391"]
[BlackElo "1405"]

1. e4 c6 2. d4 d5 3. exd5 cxd5 4. Nf3 Nf6 5. c4 Bf5 6. Nc3 e6 7. c5 Be7 8. Bb5+
Nbd7 9. Bf4 O-O 10. O-O Bg4 11. h3 Bh5 12. Qd3 Bg6 13. Qe3 Ne4 14. Bxd7 Nxc3 15.
Ne5 Ne4 16. c6 bxc6 17. Bxc6 Rc8 18. Bb7 Rc2 19. Qb3 Nd2 20. Bxd2 Rxd2 21. Nxg6
hxg6 22. Qc3 Re2 23. Ba6 Re4 24. Bd3 Rh4 25. Be2 Qb6 26. Rfd1 Bb4 27. Qb3 Rxd4
28. Rxd4 Qxd4 29. Rd1 Qf4 30. g3 Qd6 31. Bf3 Rb8 32. Kg2 Bc5 33. Qc2 f5 34. b3
d4 35. h4 e5 36. Qc4+ Kf8 37. h5 Rb4 38. Qc1 e4 39. Be2 d3 40. hxg6 Qd4 41. Qf4
Qd5 42. Qc7 Bb6 43. Qc8+ Bd8 44. Bh5 Rb7 45. Rh1 Rc7 46. Qa6 Rc2 47. Rh2 e3+ 48.
Bf3 Rxf2+ 49. Kg1 Rxf3 50. Qa3+ Kg8 51. Rh8+ Kxh8 52. Qf8+ Qg8 53. Qd6 e2 54.
Qb4 Rf1+ 55. Kg2 Qd5+ 56. Kh3 Qh1# 0-1

[Event "POLFINAL MISTRZOSTW POLSKI JUNIOROW 2019 - D13"]
[Site "Ustron"]
[Date "1899-12-30"]
[Round "4.2"]
[White "Egeman, Emilia"]
[Black "Kucharska, Helena"]
[Result "1-0"]
[WhiteTitle "II+"]
[BlackTitle "I"]
[WhiteElo "1177"]
[BlackElo "1630"]

1. e4 e6 2. d4 d5 3. Nd2 c5 4. Ngf3 Nc6 5. exd5 Qxd5 6. Bc4 Qd7 7. Nb3 cxd4 8.
Nbxd4 Bc5 9. Nxc6 Qxc6 10. Qe2 a6 11. Bd3 Ne7 12. O-O h6 13. Ne5 Qb6 14. Qh5 g6
15. Nxg6 fxg6 16. Bxg6+ Kd8 17. Bf4 Bd7 18. Rad1 Kc8 19. Be4 Bb5 20. Bd3 Bd7 21.
Be4 Qb5 22. Qe5 Bxf2+ 23. Rxf2 Qxe5 24. Bxe5 Re8 25. Bxb7+ Kxb7 26. Rxd7+ Kc6
27. Rd6+ Kc5 28. Rd1 Nd5 29. Bd4+ Kc6 30. Re2 Rad8 31. Red2 Rd7 32. c4 Nc7 33.
Be5 Rxd2 34. Rxd2 Re7 35. Bxc7 Kxc7 36. b3 Kc6 37. Rd8 e5 38. Kf2 Kc7 39. Rd3
Kc6 40. Ke3 Rg7 41. g3 Rf7 42. Ke2 h5 43. Rf3 Rh7 44. Rf6+ Kc5 45. Rxa6 Kd4 46.
Rd6+ Ke4 47. c5 Ra7 48. a4 Rb7 49. Rb6 Rc7 50. b4 Kd4 51. a5 Kc4 52. a6 Rc8 53.
Rb7 Kd5 54. a7 Ra8 55. Rc7 Kc4 56. Rb7 Kd5 57. Ke3 Kc6 58. Rb6+ Kc7 59. Ra6 Kb7
60. b5 e4 61. Kxe4 Re8+ 62. Kd4 Ka8 63. b6 Rd8+ 64. Kc4 h4 65. gxh4 Rg8 66. Ra3
Rg4+ 67. Kb5 Rxh4 68. h3 Rf4 69. Rd3 Rf8 70. h4 Rh8 71. Rd4 Rf8 72. h5 Rh8 73.
Rd5 Rf8 74. h6 Rh8 75. Rd6 Rf8 76. h7 Rh8 77. Re6 Rc8 78. Rg6 Kb7 79. c6+ Ka8
80. b7+ Kxa7 81. bxc8=N+ Ka8 82. h8=Q Kb8 83. Nb6+ Kc7 84. Qg7+ Kb8 85. Qb7# 1-0

[Event "POLFINAL MISTRZOSTW POLSKI JUNIOROW 2019 - D13"]
[Site "Ustron"]
[Date "1899-12-30"]
[Round "4.3"]
[White "Dallemura, Anna"]
[Black "Pastuszko, Katarzyna"]
[Result "0-1"]
[WhiteTitle "I"]
[BlackTitle "I"]
[WhiteElo "1328"]
[BlackElo "1235"]

1. e4 e5 2. Nf3 Nc6 3. Bb5 Nf6 4. d3 Bc5 5. O-O d6 6. h3 O-O 7. c3 a6 8. Bxc6 bxc6
9. Re1 Re8 10. Nbd2 Be6 11. Nf1 h6 12. Ng3 Nh7 13. Qe2 Qf6 14. Nh5 Qe7 15. g4
Nf6 16. Ng3 Bb6 17. Kh1 Nxg4 18. hxg4 Bxg4 19. Kg2 h5 20. Nf5 Qf6 21. Rh1 Re6
22. Be3 Qg6 23. Kf1 Bxf5 24. exf5 Qxf5 25. Bxb6 cxb6 26. Qe3 Rae8 27. Nh4 Qg4
28. Qxb6 e4 29. Qd4 c5 30. Qa4 Qf4 31. Re1 Qd2 32. dxe4 Qd3+ 33. Kg2 Rxe4 34.
Rxe4 Rxe4 35. Rd1 Qe2 36. Qb3 Rg4+ 37. Kh3 Rxh4+ 38. Kg2 Qg4+ 39. Kf1 Rh1# 0-1

[Event "POLFINAL MISTRZOSTW POLSKI JUNIOROW 2019 - D13"]
[Site "Ustron"]
[Date "1899-12-30"]
[Round "4.4"]
[White "Staniewicz, Adrianna"]
[Black "Mazurek, Maja"]
[Result "1/2-1/2"]
[WhiteTitle "WCM"]
[BlackTitle "I"]
[WhiteElo "1223"]
[BlackElo "1246"]

1. e4 d5 2. exd5 Qxd5 3. Nc3 Qd6 4. d4 Nf6 5. Nf3 Bg4 6. Be2 c6 7. h3 Bh5 8. Be3
e6 9. Ne5 Bxe2 10. Qxe2 Qc7 11. a3 Bd6 12. Nf3 Nbd7 13. Nd2 O-O-O 14. Nde4 Nd5
15. Nxd6+ Qxd6 16. Nxd5 exd5 17. O-O-O Nf6 18. f3 h6 19. Qd2 Rhe8 20. Bf4 Qd7
21. Be5 Re6 22. Qa5 b6 23. Qa6+ Qb7 24. Qxb7+ Kxb7 25. Bxf6 Rxf6 26. Rhe1 Re6
27. Rxe6 fxe6 28. Re1 Re8 29. Kd2 Kc7 30. Re5 Kd6 31. Ke3 Rf8 32. c3 g6 33. b3
Rf5 34. Rxf5 exf5 35. Kf4 Ke6 36. h4 Kf6 37. g3 Ke6 38. g4 fxg4 39. fxg4 Kf6 40.
Ke3 h5 41. Kf4 b5 42. a4 bxa4 43. bxa4 a5 44. Kf3 Ke6 45. Kf4 Kf6 46. Kf3 Ke6
47. Kf4 Kf6 48. Kf3 Ke6 49. Kf4 Kf6 50. Kf3 1/2-1/2

[Event "POLFINAL MISTRZOSTW POLSKI JUNIOROW 2019 - D13"]
[Site "Ustron"]
[Date "1899-12-30"]
[Round "4.5"]
[White "Baran, Dagmara"]
[Black "Pieczewska, Jadwiga"]
[Result "1-0"]
[WhiteTitle "I"]
[BlackTitle "II"]
[WhiteElo "1259"]
[BlackElo "1073"]

1. e4 e6 2. d4 d5 3. Nc3 Nf6 4. e5 Nfd7 5. Nf3 c5 6. Bb5 Nc6 7. Be3 Qb6 8. Qd3
a6 9. Bxc6 bxc6 10. b3 cxd4 11. Bxd4 c5 12. Na4 Qc7 13. Bb2 d4 14. O-O-O Bb7 15.
Rhe1 Bxf3 16. Qxf3 Rc8 17. Qe2 g6 18. g3 Bg7 19. f4 Bh6 20. Qxa6 O-O 21. Kb1 Ra8
22. Qc4 Rac8 23. c3 dxc3 24. Qxc3 Rfe8 25. Rxd7 Qxd7 26. Nb6 Qc6 27. Nxc8 Rxc8
28. Qc2 Qb5 29. Qc4 Qa5 30. Bc3 Qc7 31. b4 cxb4 32. Qxc7 Rxc7 33. Bxb4 Rb7 34.
a3 Bf8 35. Re4 Bxb4 36. axb4 Rb5 37. Kc2 Kg7 38. Kc3 f5 39. exf6+ Kxf6 40. Re5
Rxe5 41. fxe5+ Kxe5 42. b5 Kd5 43. Kd3 e5 44. b6 e4+ 45. Ke3 Kc6 46. Kxe4 Kxb6
47. Ke5 Kc5 48. Kf6 Kd5 49. Kg7 Ke5 50. Kxh7 Kf5 51. h3 Kf6 52. Kh6 Kf5 53. h4
Kf6 54. g4 Kf7 55. g5 Kg8 56. Kxg6 Kh8 57. Kf7 Kh7 58. g6+ Kh6 59. g7 Kh5 60.
g8=Q Kxh4 61. Qg2 Kh5 62. Qg3 Kh6 63. Qg6# 1-0

[Event "POLFINAL MISTRZOSTW POLSKI JUNIOROW 2019 - D13"]
[Site "Ustron"]
[Date "1899-12-30"]
[Round "4.6"]
[White "Walendykiewicz, Martyna"]
[Black "Labedz, Gabriela"]
[Result "1-0"]
[WhiteTitle "I"]
[BlackTitle "I"]
[WhiteElo "1223"]
[BlackElo "1226"]

1. d4 d5 2. c4 e6 3. Nc3 Nf6 4. Nf3 Be7 5. e3 O-O 6. Be2 Nc6 7. O-O b6 8. b3 Ba6
9. Nd2 Na5 10. cxd5 Bxe2 11. Qxe2 Nxd5 12. Bb2 c5 13. dxc5 Bxc5 14. Nde4 Be7 15.
Rfd1 Nxc3 16. Bxc3 Qc8 17. Rac1 Qb7 18. Qg4 g6 19. Nf6+ Bxf6 20. Bxf6 h5 21. Qd4
Kh7 22. Qh4 Rac8 23. Rxc8 Rxc8 24. Qd4 Nc6 25. Qe4 Qa6 26. h3 Qxa2 27. Rd7 Kg8
28. Qxc6 Rf8 29. Qc7 Qb1+ 30. Kh2 Qf5 31. Qd8 Qc5 32. Qxf8+ Qxf8 33. Rd8 Qxd8
34. Bxd8 Kf8 35. Kg3 Ke8 36. Bf6 Kd7 37. Kf4 a5 38. Ke5 b5 39. Ke4 Kc6 40. Kd4
Kd6 41. Bg7 g5 42. Bf8+ Kc6 43. Ke5 Kd7 44. g4 hxg4 45. hxg4 Kc6 46. e4 b4 47.
Kd4 Kb5 48. Kd3 a4 49. bxa4+ Kxa4 50. Kc2 Ka3 51. Kb1 Kb3 52. Be7 Kc3 53. Bxg5
Kd3 54. e5 Ke4 55. f4 Kf3 56. Kb2 Kxg4 57. Kb3 Kf5 58. Kxb4 Kg6 59. Kc5 Kg7 60.
Kd6 Kf8 61. Kd7 Kg8 62. Bf6 Kf8 63. Kd8 Kg8 64. Ke7 Kh7 65. Kxf7 Kh6 66. Kxe6
Kg6 67. f5+ Kh7 68. Kf7 Kh6 69. e6 Kh5 70. e7 Kg4 71. Kg6 Kf4 72. e8=Q 1-0

[Event "POLFINAL MISTRZOSTW POLSKI JUNIOROW 2019 - D13"]
[Site "Ustron"]
[Date "1899-12-30"]
[Round "4.7"]
[White "Pietrzak, Emilia"]
[Black "Nowak, Zuzanna"]
[Result "0-1"]
[WhiteTitle "I"]
[BlackTitle "I"]
[WhiteElo "1224"]
[BlackElo "1180"]

1. e4 e5 2. Nc3 Nf6 3. f4 d5 4. fxe5 Nxe4 5. Qf3 Nc6 6. Bb5 Nxc3 7. bxc3 Qh4+ 8.
g3 Qe4+ 9. Qxe4 dxe4 10. Bxc6+ bxc6 11. Rb1 Bc5 12. Ne2 Be6 13. a4 O-O 14. d4
exd3 15. cxd3 Bf5 16. Bf4 Bxd3 17. Rd1 Be4 18. Rf1 Bg2 19. Rd7 Bxf1 20. Kxf1 Bb6
21. Nd4 Rad8 22. Re7 Bxd4 23. cxd4 Rxd4 24. Rxc7 Rxa4 25. Rxc6 Ra2 26. Rc1 Rxh2
27. Kg1 Ra2 28. Kf1 Rd8 29. Kg1 h6 30. Rb1 g5 31. Be3 Rd3 32. Bf2 Rdd2 33. Bc5
Rg2+ 34. Kf1 Rh2 35. Kg1 Rag2+ 36. Kf1 Rxg3 37. e6 fxe6 38. Rb8+ Kh7 39. Rb7+
Kg6 40. Rxa7 Rc3 41. Bf2 Rc1+ 42. Ke2 Rc2+ 43. Kd3 Rhxf2 44. Ra6 Rce2 45. Rb6
g4 46. Kc3 Re4 47. Kd3 Kf5 48. Rb5+ e5 49. Rb8 Rf3+ 50. Kd2 Ra4 51. Rf8+ Ke4 52.
Kc1 Rxf8 53. Kb1 Rf2 0-1

[Event "POLFINAL MISTRZOSTW POLSKI JUNIOROW 2019 - D13"]
[Site "Ustron"]
[Date "1899-12-30"]
[Round "4.8"]
[White "Sidlo, Malgorzata"]
[Black "Kokot, Agnieszka"]
[Result "1-0"]
[WhiteTitle "II+"]
[BlackTitle "II+"]
[WhiteElo "1118"]
[BlackElo "1177"]

1. e4 c5 2. d4 cxd4 3. c3 dxc3 4. Nxc3 Nc6 5. Nf3 d6 6. Bc4 Nf6 7. e5 dxe5 8. Qxd8+
Nxd8 9. Nb5 Rb8 10. Nxe5 e6 11. Bd2 Bc5 12. Nc7+ Ke7 13. Nd3 Bd6 14. Nb5 Ra8 15.
Nxd6 Kxd6 16. Bb4+ Kc7 17. Rc1 Nc6 18. Bb5 a6 19. Ba5+ Kd6 20. Bxc6 bxc6 21. Bb4+
Kc7 22. Ne5 Bd7 23. Nxf7 Rhg8 24. Ba5+ Kb7 25. Nd6+ Ka7 26. Rc4 Rab8 27. Bb4 Nd5
28. Bc5+ Ka8 29. b3 h6 30. Ra4 Nc7 31. Nc4 Bc8 32. Nb6+ Kb7 33. Rb4 Nb5 34. a4
a5 35. Rf4 Nc3 36. Rf7+ Ka6 37. Nxc8 Rb7 38. Rxb7 Kxb7 39. Nd6+ Kc7 40. Nc4 Kb7
41. Bb6 e5 42. Bxa5 Nd5 43. O-O e4 44. Re1 Nf6 45. Bc3 Nd5 46. Bb2 Rd8 47. Rd1
Rd7 48. Ne3 g5 49. Nf5 h5 50. Ng3 h4 51. Nxe4 g4 52. Nc5+ 1-0

[Event "POLFINAL MISTRZOSTW POLSKI JUNIOROW 2019 - D13"]
[Site "Ustron"]
[Date "1899-12-30"]
[Round "4.9"]
[White "Gac-mytych, Sara"]
[Black "Sobieraj, Wiktoria"]
[Result "1/2-1/2"]
[WhiteTitle "II"]
[BlackTitle "I"]
[WhiteElo "1069"]
[BlackElo "1194"]

1. e4 c6 2. d4 d5 3. Nc3 dxe4 4. Nxe4 Bf5 5. Ng3 Bg6 6. h4 h6 7. Nf3 Nd7 8. h5
Bh7 9. Bd3 Bxd3 10. Qxd3 Ngf6 11. Bf4 Qa5+ 12. Bd2 Qc7 13. O-O-O e6 14. Kb1 O-O-O
15. Ne4 Nxe4 16. Qxe4 Nf6 17. Qe2 Bd6 18. c4 c5 19. Bc3 Qe7 20. g3 Rhg8 21. Rde1
cxd4 22. Nxd4 a6 23. Nf5 Qc7 24. Bxf6 gxf6 25. Nxh6 Rg5 26. Ng4 f5 27. Nh2 Rh8
28. Nf1 Qc6 29. Nd2 Bb4 30. Kc1 Bxd2+ 31. Kxd2 Qd6+ 32. Kc1 Rg4 33. Rd1 Qe7 34.
Kb1 Qg5 35. f4 Qg7 36. Qd3 Rxg3 37. Qd7+ Kb8 38. Qd6+ Ka8 39. Qc7 Rg2 40. Qb6
Rb8 41. h6 Qh8 42. h7 Rg7 43. Qd4 Rxh7 44. Rxh7 Qxh7 45. Qf6 1/2-1/2

[Event "POLFINAL MISTRZOSTW POLSKI JUNIOROW 2019 - D13"]
[Site "Ustron"]
[Date "1899-12-30"]
[Round "4.11"]
[White "Wiszniewska, Gabriela"]
[Black "Rojek, Paulina"]
[Result "0-1"]
[WhiteTitle "I"]
[BlackTitle "I"]
[WhiteElo "1061"]
[BlackElo "1092"]

1. d4 d5 2. c4 e6 3. e3 c6 4. Nc3 Nf6 5. Bd3 dxc4 6. Bxc4 b5 7. Bd3 Be7 8. Nf3
Nbd7 9. Qc2 Bb7 10. e4 Rc8 11. a3 h6 12. Be3 a6 13. Rc1 O-O 14. h3 c5 15. Qb1
c4 16. Be2 Re8 17. O-O Nb6 18. Rfd1 b4 19. Na2 Bxe4 20. Qa1 bxa3 21. bxa3 Bxa3
22. Rc3 Qe7 23. Ne5 Na4 24. Nxc4 Nxc3 25. Nxc3 Bb4 26. Rc1 Nd5 27. Nxd5 exd5 28.
Ne5 Rxc1+ 29. Qxc1 a5 30. Qb2 Qc7 31. Bb5 Rb8 32. Ba4 Bd6 33. Qa2 Bxe5 34. dxe5
Rb1+ 35. Kh2 Qxe5+ 36. f4 Qb2 37. Qxb2 Rxb2 38. Kg1 Rxg2+ 39. Kf1 Ra2 40. Bb5
Ra3 41. Ke2 Rb3 42. Bd7 Bf3+ 43. Kxf3 d4 44. Ke2 Rxe3+ 45. Kd2 a4 46. Bxa4 Rxh3
47. Bb5 Rf3 48. f5 Rxf5 49. Bc4 Rf3 50. Ke2 Rf4 51. Kd3 g5 52. Kd2 g4 53. Kd3
g3 54. Bxf7+ Kxf7 55. Kd2 g2 56. Kd3 g1=Q 57. Kc2 Qg3 58. Kb2 Rf2+ 59. Ka1 Qg1#
0-1

[Event "POLFINAL MISTRZOSTW POLSKI JUNIOROW 2019 - D13"]
[Site "Ustron"]
[Date "1899-12-30"]
[Round "5.1"]
[White "Oborska, Magda"]
[Black "Egeman, Emilia"]
[Result "1-0"]
[WhiteTitle "I+"]
[BlackTitle "II+"]
[WhiteElo "1405"]
[BlackElo "1177"]

1. e4 c5 2. Nf3 d6 3. d4 cxd4 4. Nxd4 Nf6 5. f3 e5 6. Bb5+ Nbd7 7. Nf5 Qb6 8. c4
a6 9. Ba4 g6 10. Ne3 Bg7 11. Nc3 O-O 12. Ned5 Qd8 13. Be3 b6 14. Bc6 Rb8 15. O-O
Bb7 16. Bxb7 Rxb7 17. Qd2 Nc5 18. Rfd1 Nxd5 19. Qxd5 Rd7 20. Bxc5 bxc5 21. Na4
Bh6 22. Rd3 Qh4 23. g3 Qh3 24. Qc6 Rdd8 25. Re1 f5 26. exf5 Rxf5 27. Nxc5 Rdf8
28. Qxd6 Rxf3 29. Qd5+ R3f7 30. Rf3 Kg7 31. Qxe5+ Kg8 32. Rxf7 Rxf7 33. Qe8+ Rf8
34. Qe6+ Qxe6 35. Rxe6 Bg7 36. Nd3 Rd8 37. Ne5 Rd1+ 38. Kf2 Rd2+ 39. Ke1 Rxb2
40. Re8+ Bf8 41. Nd7 Rb1+ 42. Kf2 Rb2+ 43. Ke3 Rxa2 44. Rxf8+ Kg7 45. Rf2 Ra3+
46. Kd4 1-0

[Event "POLFINAL MISTRZOSTW POLSKI JUNIOROW 2019 - D13"]
[Site "Ustron"]
[Date "1899-12-30"]
[Round "5.2"]
[White "Pastuszko, Katarzyna"]
[Black "Bialek, Alicja"]
[Result "0-1"]
[WhiteTitle "I"]
[BlackTitle "I"]
[WhiteElo "1235"]
[BlackElo "1391"]

1. e4 e5 2. Nf3 Nf6 3. Nc3 Bb4 4. Bc4 O-O 5. O-O d6 6. d3 Bg4 7. Bg5 Bxc3 8. bxc3
h6 9. Bh4 Nbd7 10. h3 Bh5 11. d4 Qe8 12. Re1 Nb6 13. Bb3 Nfd7 14. Qd3 Kh8 15.
Qe3 f6 16. Bg3 g5 17. h4 Kg7 18. dxe5 dxe5 19. hxg5 fxg5 20. Nxg5 hxg5 21. Qxg5+
Bg6 22. Re3 c5 23. Bd5 Nxd5 24. exd5 Rf5 25. Qg4 Nf6 26. Qc4 b6 27. Rae1 e4 28.
f3 Rxd5 29. fxe4 Rh5 30. e5 Nd7 31. e6 Nf6 32. Qa6 Qe7 33. Be5 Rah8 34. Bxf6+
Kxf6 35. Qe2 Kg7 36. Rf3 Rh1+ 37. Kf2 Qh4+ 38. g3 Rh2+ 39. Kf1 Qh3+ 40. Kg1 Rxe2
41. Rxe2 Qh1+ 42. Kf2 Rh2+ 43. Ke3 Rxe2+ 44. Kxe2 Bh5 0-1

[Event "POLFINAL MISTRZOSTW POLSKI JUNIOROW 2019 - D13"]
[Site "Ustron"]
[Date "1899-12-30"]
[Round "5.3"]
[White "Sidlo, Malgorzata"]
[Black "Baran, Dagmara"]
[Result "1-0"]
[WhiteTitle "II+"]
[BlackTitle "I"]
[WhiteElo "1118"]
[BlackElo "1259"]

1. e4 e6 2. d4 d5 3. Nc3 Bb4 4. Qg4 dxe4 5. Qxg7 Qf6 6. Qg3 Qxd4 7. Nge2 Qd8 8.
Qe5 Qf6 9. Qxc7 Nc6 10. Qg3 Nd4 11. Nxd4 Qxd4 12. Bd2 Bd6 13. Bb5+ Bd7 14. Bxd7+
Kxd7 15. Qg4 f5 16. Qe2 Ke7 17. O-O-O Qb6 18. f3 exf3 19. Qxf3 Qc6 20. Bg5+ Nf6
21. Qxc6 bxc6 22. Bxf6+ Kxf6 23. Rxd6 c5 24. Re1 Rae8 25. Rc6 Rhg8 26. g3 h5 27.
Rxc5 Rg4 28. Nd5+ Kf7 29. Nf4 h4 30. Rc7+ Kf6 31. Nd5+ Kg6 32. Ne3 Ra4 33. a3
hxg3 34. hxg3 a5 35. Nc4 Kf6 36. b3 Rxc4 37. Rxc4 Rg8 38. Rc3 Rg4 39. Rce3 Kf7
40. Rxe6 Rxg3 41. R6e5 Kf6 42. Rxa5 f4 43. Rf1 f3 44. Kd1 Ke6 45. b4 Kd6 46. Rf5
f2 47. Ra5 Rg1 48. Ke2 Kc6 49. Rxf2 Rg6 50. Ra6+ 1-0

[Event "POLFINAL MISTRZOSTW POLSKI JUNIOROW 2019 - D13"]
[Site "Ustron"]
[Date "1899-12-30"]
[Round "5.4"]
[White "Mazurek, Maja"]
[Black "Walendykiewicz, Martyna"]
[Result "1/2-1/2"]
[WhiteTitle "I"]
[BlackTitle "I"]
[WhiteElo "1246"]
[BlackElo "1223"]

1. d4 Nf6 2. c4 e6 3. Nc3 Bb4 4. Qc2 O-O 5. Bg5 b6 6. e3 d6 7. Nf3 Nbd7 8. O-O-O
Bxc3 9. Qxc3 h6 10. Bh4 Bb7 11. Qc2 Be4 12. Bd3 Bxd3 13. Qxd3 Qc8 14. h3 Qb7 15.
Rhg1 Qe4 16. Qe2 d5 17. g4 Nh7 18. Nd2 Qg6 19. f4 f6 20. Qf3 c6 21. b3 Rac8 22.
Kb2 a5 23. Qe2 c5 24. Rc1 Ra8 25. cxd5 exd5 26. Qb5 Qf7 27. Rc3 Qe6 28. Re1 Rac8
29. Bg3 Qd6 30. Qa4 Qc6 31. Qxc6 Rxc6 32. Nf3 Rfc8 33. Rec1 Nhf8 34. Nh4 Re8 35.
Nf5 Kh7 36. dxc5 Rxc5 37. Nd4 Ne6 38. Nxe6 Rxe6 39. Bf2 Rxc3 40. Rxc3 Nc5 41.
Rc2 Nd3+ 42. Ka3 b5 43. Bg1 Rd6 44. f5 Ra6 45. h4 Rd6 1/2-1/2

[Event "POLFINAL MISTRZOSTW POLSKI JUNIOROW 2019 - D13"]
[Site "Ustron"]
[Date "1899-12-30"]
[Round "5.5"]
[White "Nowak, Zuzanna"]
[Black "Staniewicz, Adrianna"]
[Result "1/2-1/2"]
[WhiteTitle "I"]
[BlackTitle "WCM"]
[WhiteElo "1180"]
[BlackElo "1223"]

1. e4 c5 2. c3 d5 3. exd5 Qxd5 4. d4 Nf6 5. Nf3 Bg4 6. Be2 e6 7. O-O Nc6 8. Na3
cxd4 9. Nb5 Qd7 10. Bf4 Nd5 11. Bg3 dxc3 12. bxc3 a6 13. c4 axb5 14. cxd5 Qxd5
15. Qxd5 exd5 16. Bxb5 Bxf3 17. gxf3 Bb4 18. Rfd1 Bc3 19. Rab1 d4 20. Bd6 O-O-O
21. Bg3 Rhg8 22. Bc4 Rgf8 23. Rb5 Rd7 24. Bd3 g6 25. Be4 Kd8 26. Rdb1 Ne7 27.
Bxb7 d3 28. Ba6 Nf5 29. Be5 d2 30. Rd1 Bxe5 31. Rxe5 Rd6 32. Bc4 Re8 33. Rxe8+
Kxe8 34. Kf1 Rd4 35. Bb3 Rd6 36. Ba4+ Ke7 37. Ke2 Nd4+ 38. Ke3 Nf5+ 39. Ke2 1/2-1/2